El dragón emplumado /

Esta obra de Otto von Bertrab (México, 1967) recopila una amplia tradición oral y entrelaza los antiguos conocimientos de los mayas con la vida contemporánea.

保存先:
書誌詳細
第一著者: Bertrab, Otto von (autor)
フォーマット: 図書
言語:スペイン語
出版事項: México : El Fisgón del Universo Editorial, 1995, c1995
版:2a edición
主題:
タグ: タグ追加
タグなし, このレコードへの初めてのタグを付けませんか!

MARC

LEADER 00000nam^a2200000^a^4500
001 000136260
005 20250521000000.0
009 20260310095311.957
020 |a 977-970-9182404 
037 |a Acervo ITESO - Biblioteca 
041 |a ESP 
082 |a 863.  |b BER 
100 |a Bertrab, Otto von  |e (autor) 
245 1 3 |a El dragón emplumado /  |c O. von Bertrab. 
250 |a 2a edición 
264 4 |a México :  |b El Fisgón del Universo Editorial,  |c 1995, c1995 
300 |a 157 p. 
336 |a texto  |b txt  |2 rdacontenido 
337 |a sin mediación  |b n  |2 rdamedio 
338 |a volumen  |b nc  |2 rdasoporte 
520 |a Esta obra de Otto von Bertrab (México, 1967) recopila una amplia tradición oral y entrelaza los antiguos conocimientos de los mayas con la vida contemporánea. 
649 |a XX 
650 |a Novela Mexicana 
650 |a Literatura Mexicana -  |y Siglo XX 
650 |a Mayas en la Literatura 
650 |a Indígenas de México en la Literatura 
910 |a Fondo General 
920 |a Impresos - Libros 
930 |a Colección General 
940 |a Literatura 
905 |a 101 
901 |a 0500065024  |b IT1  |c LIT  |u 20250521 
902 |a https://opac.biblio.iteso.mx/vufind/Record/000136260